000 00607nam a2200229Ia 4500
003 OSt
005 20220928111053.0
006 a|||||r|||| 00| 0
007 ta
008 220927b |||||||| |||| 00| 0 eng d
024 _a55897
037 _cTextual
040 _aSDCL
_cSDCL
_beng
041 _2eng
_aeng
082 _aR6,212, L3
100 _aSharma Brajanarayan
_9421407
245 0 _aBharatiya darshan me anuman .
260 _aBhopal
_bMadhyepradesh Hindi
_c1973
300 _a575p.
_ccm.
942 _hR6,212, L3
_cTEXL
_2CC
999 _c737700
_d737700